00635nam a2200205Ia 450000500170000000800410001702000140005804000190007204100120009108200190010324500890012226000290021130000200024050400200026060000510028065000190033165100390035070000300038985000100041920210223122807.0131103s9999 xx 000 0 und d a719529956 aLoreto College aEnglish a821.7bBYR-MAR aSo late into the nightb Byron's letters and journals cedited by Leslie A. Marchand aLondonbJohn Murryc1976 a309 p.b plate  avol.5 1816-1817 aByron,Lord (22 January 1788 – 19 April 1824) aEnglish Poetry aByron, Lord - Letters and Journals aMarchand, Leslie A,4ed. aLCLIB